000 00585nam a2200217Ia 4500
003 OSt
005 20220928141026.0
006 a|||||r|||| 00| 0
007 ta
008 220927b |||||||| |||| 00| 0 eng d
024 _a12945
037 _cTextual
040 _aSDCL
_cSDCL
_beng
041 _2eng
_aeng
082 _aO-,3N312:g, P0
100 _aMiddleton David L Ed.
_9498542
245 0 _aToni Morrison's fiction
_b Contemporary criticism.
260 _c2000
942 _hO-,3N312:g, P0
_cTEXL
_2CC
999 _c815354
_d815354